<?xml version="1.0" encoding="UTF-8"?>
<record
    xmlns:xsi="http://www.w3.org/2001/XMLSchema-instance"
    xsi:schemaLocation="http://www.loc.gov/MARC21/slim http://www.loc.gov/standards/marcxml/schema/MARC21slim.xsd"
    xmlns="http://www.loc.gov/MARC21/slim">

  <leader>00821nas a2200217 454500</leader>
  <controlfield tag="001">26672</controlfield>
  <controlfield tag="005">20260407193507.0</controlfield>
  <controlfield tag="008">260407s1988####ag###########|||spa#d</controlfield>
  <controlfield tag="003">AR-UNSa-BCEJYS</controlfield>
  <datafield tag="040" ind1=" " ind2=" ">
    <subfield code="a">AR-UNSa-BCEJYS</subfield>
    <subfield code="b">spa</subfield>
    <subfield code="c">AR-UNSa-BCEJYS</subfield>
  </datafield>
  <datafield tag="080" ind1=" " ind2=" ">
    <subfield code="a">34</subfield>
    <subfield code="x">Derecho</subfield>
  </datafield>
  <datafield tag="245" ind1="1" ind2="0">
    <subfield code="a">Cuadernos de investigaciones</subfield>
  </datafield>
  <datafield tag="264" ind1=" " ind2="1">
    <subfield code="a">Buenos Aires :</subfield>
    <subfield code="b">Universidad de Buenos Aires</subfield>
    <subfield code="c">1988</subfield>
  </datafield>
  <datafield tag="942" ind1=" " ind2=" ">
    <subfield code="c">SER</subfield>
  </datafield>
  <datafield tag="590" ind1=" " ind2=" ">
    <subfield code="a">niveau_biblio:s niveau_hierar:1</subfield>
  </datafield>
  <datafield tag="100" ind1="1" ind2=" ">
    <subfield code="a">Universidad de Buenos Aires. Facultad de Derecho y Ciencias Sociales. Instituto de Investigaciones Jur&#xED;dicas y Sociales "Ambrosio L. Gioja"</subfield>
  </datafield>
  <datafield tag="650" ind1=" " ind2=" ">
    <subfield code="a">Derecho constitucional</subfield>
  </datafield>
  <datafield tag="650" ind1=" " ind2=" ">
    <subfield code="a">Derecho</subfield>
  </datafield>
  <datafield tag="650" ind1=" " ind2=" ">
    <subfield code="a">JURISPRUDENCIA</subfield>
  </datafield>
  <datafield tag="856" ind1="4" ind2="1">
    <subfield code="u">https://biblioeco.unsa.edu.ar/pmb/images/revistas/Cuadernos de Investigacion-r12909.jpg</subfield>
    <subfield code="y">Imagen de portada</subfield>
    <subfield code="q">image/jpeg</subfield>
  </datafield>
  <datafield tag="999" ind1=" " ind2=" ">
    <subfield code="c">8612</subfield>
    <subfield code="d">8612</subfield>
  </datafield>
  <datafield tag="952" ind1=" " ind2=" ">
    <subfield code="0">0</subfield>
    <subfield code="1">0</subfield>
    <subfield code="4">0</subfield>
    <subfield code="7">0</subfield>
    <subfield code="a">BCEJYS</subfield>
    <subfield code="b">BCEJYS</subfield>
    <subfield code="c">16</subfield>
    <subfield code="d">1989-12-19</subfield>
    <subfield code="h">N&#xBA; 19 - dic. 1989</subfield>
    <subfield code="l">0</subfield>
    <subfield code="o">H34 CUA 19</subfield>
    <subfield code="p">R13769</subfield>
    <subfield code="r">2026-04-10 16:08:32</subfield>
    <subfield code="w">2026-04-10</subfield>
    <subfield code="y">RN</subfield>
  </datafield>
  <datafield tag="952" ind1=" " ind2=" ">
    <subfield code="0">0</subfield>
    <subfield code="1">0</subfield>
    <subfield code="4">0</subfield>
    <subfield code="7">0</subfield>
    <subfield code="a">BCEJYS</subfield>
    <subfield code="b">BCEJYS</subfield>
    <subfield code="c">16</subfield>
    <subfield code="d">1989-12-18</subfield>
    <subfield code="h">N&#xBA; 18 - dic. 1989</subfield>
    <subfield code="l">0</subfield>
    <subfield code="o">H34 CUA 18</subfield>
    <subfield code="p">R12924</subfield>
    <subfield code="r">2026-04-10 16:08:32</subfield>
    <subfield code="w">2026-04-10</subfield>
    <subfield code="y">RN</subfield>
  </datafield>
  <datafield tag="952" ind1=" " ind2=" ">
    <subfield code="0">0</subfield>
    <subfield code="1">0</subfield>
    <subfield code="4">0</subfield>
    <subfield code="7">0</subfield>
    <subfield code="a">BCEJYS</subfield>
    <subfield code="b">BCEJYS</subfield>
    <subfield code="c">17</subfield>
    <subfield code="d">1989-12-17</subfield>
    <subfield code="h">N&#xBA; 17 - dic. 1989</subfield>
    <subfield code="l">0</subfield>
    <subfield code="o">H34 CUA 17</subfield>
    <subfield code="p">R12923</subfield>
    <subfield code="r">2026-04-10 16:08:32</subfield>
    <subfield code="w">2026-04-10</subfield>
    <subfield code="y">RN</subfield>
  </datafield>
  <datafield tag="952" ind1=" " ind2=" ">
    <subfield code="0">0</subfield>
    <subfield code="1">0</subfield>
    <subfield code="4">0</subfield>
    <subfield code="7">0</subfield>
    <subfield code="a">BCEJYS</subfield>
    <subfield code="b">BCEJYS</subfield>
    <subfield code="c">17</subfield>
    <subfield code="d">1989-12-16</subfield>
    <subfield code="h">N&#xBA; 16 - dic. 1989</subfield>
    <subfield code="l">0</subfield>
    <subfield code="o">H34 CUA 16</subfield>
    <subfield code="p">R12922</subfield>
    <subfield code="r">2026-04-10 16:08:32</subfield>
    <subfield code="w">2026-04-10</subfield>
    <subfield code="y">RN</subfield>
  </datafield>
  <datafield tag="952" ind1=" " ind2=" ">
    <subfield code="0">0</subfield>
    <subfield code="1">0</subfield>
    <subfield code="4">0</subfield>
    <subfield code="7">0</subfield>
    <subfield code="a">BCEJYS</subfield>
    <subfield code="b">BCEJYS</subfield>
    <subfield code="c">17</subfield>
    <subfield code="d">1989-12-15</subfield>
    <subfield code="h">N&#xBA; 15 - dic. 1989</subfield>
    <subfield code="l">0</subfield>
    <subfield code="o">H34 CUA 15</subfield>
    <subfield code="p">R12921</subfield>
    <subfield code="r">2026-04-10 16:08:32</subfield>
    <subfield code="w">2026-04-10</subfield>
    <subfield code="y">RN</subfield>
  </datafield>
  <datafield tag="952" ind1=" " ind2=" ">
    <subfield code="0">0</subfield>
    <subfield code="1">0</subfield>
    <subfield code="4">0</subfield>
    <subfield code="7">0</subfield>
    <subfield code="a">BCEJYS</subfield>
    <subfield code="b">BCEJYS</subfield>
    <subfield code="c">17</subfield>
    <subfield code="d">1989-12-14</subfield>
    <subfield code="h">N&#xBA; 14 - dic. 1989</subfield>
    <subfield code="l">0</subfield>
    <subfield code="o">H34 CUA 14</subfield>
    <subfield code="p">R12920</subfield>
    <subfield code="r">2026-04-10 16:08:32</subfield>
    <subfield code="w">2026-04-10</subfield>
    <subfield code="y">RN</subfield>
  </datafield>
  <datafield tag="952" ind1=" " ind2=" ">
    <subfield code="0">0</subfield>
    <subfield code="1">0</subfield>
    <subfield code="4">0</subfield>
    <subfield code="7">0</subfield>
    <subfield code="a">BCEJYS</subfield>
    <subfield code="b">BCEJYS</subfield>
    <subfield code="c">17</subfield>
    <subfield code="d">1989-12-13</subfield>
    <subfield code="h">N&#xBA; 13 - dic. 1989</subfield>
    <subfield code="l">0</subfield>
    <subfield code="o">H34 CUA 13</subfield>
    <subfield code="p">R12919</subfield>
    <subfield code="r">2026-04-10 16:08:32</subfield>
    <subfield code="w">2026-04-10</subfield>
    <subfield code="y">RN</subfield>
  </datafield>
  <datafield tag="952" ind1=" " ind2=" ">
    <subfield code="0">0</subfield>
    <subfield code="1">0</subfield>
    <subfield code="4">0</subfield>
    <subfield code="7">0</subfield>
    <subfield code="a">BCEJYS</subfield>
    <subfield code="b">BCEJYS</subfield>
    <subfield code="c">17</subfield>
    <subfield code="d">1989-12-12</subfield>
    <subfield code="h">N&#xBA; 12 - dic. 1989</subfield>
    <subfield code="l">0</subfield>
    <subfield code="o">H34 CUA 12</subfield>
    <subfield code="p">R12918</subfield>
    <subfield code="r">2026-04-10 16:08:32</subfield>
    <subfield code="w">2026-04-10</subfield>
    <subfield code="y">RN</subfield>
  </datafield>
  <datafield tag="952" ind1=" " ind2=" ">
    <subfield code="0">0</subfield>
    <subfield code="1">0</subfield>
    <subfield code="4">0</subfield>
    <subfield code="7">0</subfield>
    <subfield code="a">BCEJYS</subfield>
    <subfield code="b">BCEJYS</subfield>
    <subfield code="c">17</subfield>
    <subfield code="d">1989-12-11</subfield>
    <subfield code="h">N&#xBA; 11 - dic. 1989</subfield>
    <subfield code="l">0</subfield>
    <subfield code="o">H34 CUA 11</subfield>
    <subfield code="p">R12917</subfield>
    <subfield code="r">2026-04-10 16:08:32</subfield>
    <subfield code="w">2026-04-10</subfield>
    <subfield code="y">RN</subfield>
  </datafield>
  <datafield tag="952" ind1=" " ind2=" ">
    <subfield code="0">0</subfield>
    <subfield code="1">0</subfield>
    <subfield code="4">0</subfield>
    <subfield code="7">0</subfield>
    <subfield code="a">BCEJYS</subfield>
    <subfield code="b">BCEJYS</subfield>
    <subfield code="c">17</subfield>
    <subfield code="d">1989-12-10</subfield>
    <subfield code="h">N&#xBA; 10 - dic. 1989</subfield>
    <subfield code="l">0</subfield>
    <subfield code="o">H34 CUA 10</subfield>
    <subfield code="p">R12916</subfield>
    <subfield code="r">2026-04-10 16:08:32</subfield>
    <subfield code="w">2026-04-10</subfield>
    <subfield code="y">RN</subfield>
  </datafield>
  <datafield tag="952" ind1=" " ind2=" ">
    <subfield code="0">0</subfield>
    <subfield code="1">0</subfield>
    <subfield code="4">0</subfield>
    <subfield code="7">0</subfield>
    <subfield code="a">BCEJYS</subfield>
    <subfield code="b">BCEJYS</subfield>
    <subfield code="c">17</subfield>
    <subfield code="d">1989-12-09</subfield>
    <subfield code="h">N&#xBA; 9 - dic. 1989</subfield>
    <subfield code="l">0</subfield>
    <subfield code="o">H34 CUA 9</subfield>
    <subfield code="p">R12915</subfield>
    <subfield code="r">2026-04-10 16:08:32</subfield>
    <subfield code="w">2026-04-10</subfield>
    <subfield code="y">RN</subfield>
  </datafield>
  <datafield tag="952" ind1=" " ind2=" ">
    <subfield code="0">0</subfield>
    <subfield code="1">0</subfield>
    <subfield code="4">0</subfield>
    <subfield code="7">0</subfield>
    <subfield code="a">BCEJYS</subfield>
    <subfield code="b">BCEJYS</subfield>
    <subfield code="c">17</subfield>
    <subfield code="d">1988-12-08</subfield>
    <subfield code="h">N&#xBA; 8 - dic. 1988</subfield>
    <subfield code="l">0</subfield>
    <subfield code="o">H34 CUA 8</subfield>
    <subfield code="p">R12914</subfield>
    <subfield code="r">2026-04-10 16:08:32</subfield>
    <subfield code="w">2026-04-10</subfield>
    <subfield code="y">RN</subfield>
  </datafield>
  <datafield tag="952" ind1=" " ind2=" ">
    <subfield code="0">0</subfield>
    <subfield code="1">0</subfield>
    <subfield code="4">0</subfield>
    <subfield code="7">0</subfield>
    <subfield code="a">BCEJYS</subfield>
    <subfield code="b">BCEJYS</subfield>
    <subfield code="c">17</subfield>
    <subfield code="d">1988-12-07</subfield>
    <subfield code="h">N&#xBA; 7 - dic. 1988</subfield>
    <subfield code="l">0</subfield>
    <subfield code="o">H34 CUA 7</subfield>
    <subfield code="p">R12913</subfield>
    <subfield code="r">2026-04-10 16:08:32</subfield>
    <subfield code="w">2026-04-10</subfield>
    <subfield code="y">RN</subfield>
  </datafield>
  <datafield tag="952" ind1=" " ind2=" ">
    <subfield code="0">0</subfield>
    <subfield code="1">0</subfield>
    <subfield code="4">0</subfield>
    <subfield code="7">0</subfield>
    <subfield code="a">BCEJYS</subfield>
    <subfield code="b">BCEJYS</subfield>
    <subfield code="c">17</subfield>
    <subfield code="d">1988-12-06</subfield>
    <subfield code="h">N&#xBA; 6 - dic. 1988</subfield>
    <subfield code="l">0</subfield>
    <subfield code="o">H34 CUA 6</subfield>
    <subfield code="p">R12912</subfield>
    <subfield code="r">2026-04-10 16:08:32</subfield>
    <subfield code="w">2026-04-10</subfield>
    <subfield code="y">RN</subfield>
  </datafield>
  <datafield tag="952" ind1=" " ind2=" ">
    <subfield code="0">0</subfield>
    <subfield code="1">0</subfield>
    <subfield code="4">0</subfield>
    <subfield code="7">0</subfield>
    <subfield code="a">BCEJYS</subfield>
    <subfield code="b">BCEJYS</subfield>
    <subfield code="c">17</subfield>
    <subfield code="d">1988-12-05</subfield>
    <subfield code="h">N&#xBA; 5 - dic. 1988</subfield>
    <subfield code="l">0</subfield>
    <subfield code="o">H34 CUA 5</subfield>
    <subfield code="p">R12911</subfield>
    <subfield code="r">2026-04-10 16:08:32</subfield>
    <subfield code="w">2026-04-10</subfield>
    <subfield code="y">RN</subfield>
  </datafield>
  <datafield tag="952" ind1=" " ind2=" ">
    <subfield code="0">0</subfield>
    <subfield code="1">0</subfield>
    <subfield code="4">0</subfield>
    <subfield code="7">0</subfield>
    <subfield code="a">BCEJYS</subfield>
    <subfield code="b">BCEJYS</subfield>
    <subfield code="c">17</subfield>
    <subfield code="d">1988-12-04</subfield>
    <subfield code="h">N&#xBA; 4 - dic. 1988</subfield>
    <subfield code="l">0</subfield>
    <subfield code="o">H34 CUA 4</subfield>
    <subfield code="p">R12910</subfield>
    <subfield code="r">2026-04-10 16:08:32</subfield>
    <subfield code="w">2026-04-10</subfield>
    <subfield code="y">RN</subfield>
  </datafield>
  <datafield tag="952" ind1=" " ind2=" ">
    <subfield code="0">0</subfield>
    <subfield code="1">0</subfield>
    <subfield code="4">0</subfield>
    <subfield code="7">0</subfield>
    <subfield code="a">BCEJYS</subfield>
    <subfield code="b">BCEJYS</subfield>
    <subfield code="c">17</subfield>
    <subfield code="d">1988-12-03</subfield>
    <subfield code="h">N&#xBA; 3 - dic. 1988</subfield>
    <subfield code="l">0</subfield>
    <subfield code="o">H34 CUA 3</subfield>
    <subfield code="p">R12909</subfield>
    <subfield code="r">2026-04-10 16:08:32</subfield>
    <subfield code="w">2026-04-10</subfield>
    <subfield code="y">RN</subfield>
  </datafield>
  <datafield tag="952" ind1=" " ind2=" ">
    <subfield code="0">0</subfield>
    <subfield code="1">0</subfield>
    <subfield code="4">0</subfield>
    <subfield code="7">0</subfield>
    <subfield code="a">BCEJYS</subfield>
    <subfield code="b">BCEJYS</subfield>
    <subfield code="c">17</subfield>
    <subfield code="d">1988-12-02</subfield>
    <subfield code="h">N&#xBA; 2 - dic. 1988</subfield>
    <subfield code="l">0</subfield>
    <subfield code="o">H34 CUA 2</subfield>
    <subfield code="p">R12908</subfield>
    <subfield code="r">2026-04-10 16:08:32</subfield>
    <subfield code="w">2026-04-10</subfield>
    <subfield code="y">RN</subfield>
  </datafield>
  <datafield tag="952" ind1=" " ind2=" ">
    <subfield code="0">0</subfield>
    <subfield code="1">0</subfield>
    <subfield code="4">0</subfield>
    <subfield code="7">0</subfield>
    <subfield code="a">BCEJYS</subfield>
    <subfield code="b">BCEJYS</subfield>
    <subfield code="c">17</subfield>
    <subfield code="d">1988-12-01</subfield>
    <subfield code="h">N&#xBA; 1 - dic. 1988</subfield>
    <subfield code="l">0</subfield>
    <subfield code="o">H34 CUA 1</subfield>
    <subfield code="p">R12848</subfield>
    <subfield code="r">2026-04-10 16:08:32</subfield>
    <subfield code="w">2026-04-10</subfield>
    <subfield code="y">RN</subfield>
  </datafield>
</record>
